000 01072nam a22002537a 4500
003 AUA.1
005 20121126110025.0
008 121126t xxu||||| |||| 00| 0 eng d
020 _a9788961890175
040 _cA1
050 _aBS1550
_b.C43 2008
100 _aChalice, Leander Bertram.
_929535
245 _aThe Interlinear Bible books of Daniel and Ezra :
_ba Hebrew-Aramaic grammatical analysis. /
_cLeander Bertram Chalice.
260 _aSeoul :
_bSahmyook University Press,
_cc2008
300 _a259 p. :
_c18*26 cm.
650 _aDaniel, Old Testament
_929536
650 _aEzra, Old Testament
_929537
650 _aOld Testament
_vTexts and Versions
_929538
650 _aOld Testament
_vInterlinear translations
_929539
650 _aOld Testament
_vHebrew-Aramaic
_vEnglish
_929540
650 _aDaniel and Ezra
_vGramatical Analysis
_929541
942 _2aua
_cREF
_hBS 1550
_i.C43 2008
999 _c8603
_d8603